| 000 | 00544nam a22001697a 4500 | ||
|---|---|---|---|
| 003 | BD-RjUL | ||
| 005 | 20250130151727.0 | ||
| 008 | 250130b |||||||| |||| 00| 0 eng d | ||
| 035 | _a(BD-RjUL) | ||
| 040 |
_aBD-RjUL _beng _cBD-RjUL |
||
| 041 | _aurd | ||
| 082 |
_223 _a973 _bAME 1889 |
||
| 245 | _aمعلومات و حالات ریاستہائے متحدہ امریکہ malomat w haalat ryastahaye matehdah amrikah / | ||
| 300 |
_a152 p. ; _c20 cm |
||
| 650 |
_aInformation and conditions _z United States [ America] _914867 |
||
| 942 |
_2ddc _cBK |
||
| 999 |
_c84626 _d84626 |
||